| 000 | 00800nam a22001937a 4500 | ||
|---|---|---|---|
| 999 |
_c176043 _d176043 |
||
| 005 | 20201023145244.0 | ||
| 010 | _aUR-10903 | ||
| 020 |
_c100.00 _a9789389733532 |
||
| 035 | _aU-9458 | ||
| 037 | _bDBAD/PUB | ||
| 082 | _a840.8 | ||
| 100 | _dصفی ا لر حمن ر ا عين ا و ر سيد محمو د ا حمد کر يمی ا ر سلا ن | ||
| 245 |
_aمنا ظر عا شق ہر گا نو ی سے آ شنا ئ _cصفی ا لر حمن ر ا عين |
||
| 246 |
_bManazir Ashiqe Harganvi se Ashnai (Urdu) _aby Safiur Rahman Rayeen |
||
| 260 |
_aN.Delhi _bEducational Publishing House _c2020 ء |
||
| 270 |
_aH.O.D1/16,Ansari Road,Darya ganj, _bN.Delhi _e110002 _k45678285,23216162 _l0091-11-23211540 |
||
| 300 |
_a64 ص _c22 Cm(Hb) |
||
| 942 |
_2ddc _cUR _h840.8 _mم ن ا |
||